[Event "MCR mladeze 2019 - Narodni open"]
[Site "Kouty nad Desnou"]
[Date "2019.03.10"]
[Round "2"]
[White "Strapec, Lukas"]
[Black "Vavrinek, Tomas"]
[Result "1-0"]
[WhiteElo "1376"]
[BlackElo "1710"]
[EventDate "2019.03.09"]
[PlyCount "95"]

1. c4 e6 2. Nc3 Nf6 3. e4 Nc6 4. d4 Bb4 5. f3 d6 6. Bg5 h6 7. Bh4 g5 8. Bf2 Bd7
9. a3 Bxc3+ 10. bxc3 Qe7 11. Qb3 b6 12. Bd3 Na5 13. Qb2 c5 14. Ne2 O-O-O 15. a4
e5 16. d5 Rdg8 17. Nc1 Nh5 18. g3 g4 19. Nb3 Nxb3 20. Qxb3 Qd8 21. Kd2 Qc7 22.
Rhb1 gxf3 23. a5 Kd8 24. axb6 axb6 25. Ra6 Ke7 26. Qxb6 Qxb6 27. Rbxb6 Rg6 28.
Rxd6 Rc8 29. Rxg6 fxg6 30. Rxg6 Nf6 31. Rxh6 Ng4 32. Rh7+ Kd6 33. Rf7 Nxf2 34.
Rxf3 Nh3 35. Rf6+ Ke7 36. Rh6 Ra8 37. d6+ Kf7 38. Rh7+ Ke6 39. Rxh3 Kxd6 40.
Rh6+ Kc7 41. h4 Ra2+ 42. Ke3 Ra3 43. h5 Rxc3 44. Rg6 Be8 45. Rg7+ Kd6 46. h6
Rc1 47. h7 Rh1 48. Rg8 1-0

[Event "MCR mladeze 2019 - Narodni open"]
[Site "Kouty nad Desnou"]
[Date "2019.03.10"]
[Round "2"]
[White "Mikolas, Petr"]
[Black "Merinsky, Vaclav"]
[Result "1-0"]
[WhiteElo "1350"]
[BlackElo "1694"]
[EventDate "2019.03.09"]
[PlyCount "38"]

1. e4 e5 2. Nf3 Nc6 3. Bc4 Bc5 4. O-O Nf6 5. Nc3 d6 6. b3 Bg4 7. Be2 Bb4 8. Bb2
Bxc3 9. dxc3 O-O 10. Nd2 Bxe2 11. Qxe2 Qe7 12. Rad1 a6 13. c4 Nd7 14. Nf3 Nc5
15. Bc3 Ne6 16. Bd2 f6 17. Nh4 Ncd4 18. Qg4 Nxc2 19. Nf5 Qf7 1-0

[Event "MCR mladeze 2019 - D10"]
[Site "Kouty nad Desnou"]
[Date "2019.03.11"]
[Round "3"]
[White "Micova, Barbora"]
[Black "Horkova, Tereza"]
[Result "0-1"]
[WhiteElo "1103"]
[BlackElo "1346"]
[EventDate "2019.03.09"]

1. e4  e5  2. Nf3  Nc6
3. Nc3  Nf6  4. Bb5
Bb4  5. a3  Ba5
6. b4  Bb6  7. O-O  d6
8. Nd5  Nxe4  9. Nxb6
axb6  10. Bxc6+  bxc6
11. d4  f6  12. d5
Nc3  13. Qd3  Nxd5
14. Qc4  Qd7  15. b5
Bb7  16. bxc6  Bxc6
17. Nh4  Ra4  18. Qb3
Rxh4  19. Be3  O-O
20. f4  Qf5  21. fxe5
Qxe5  22. Bf2  Qxh2# 0-1

[Event "MCR mladeze 2019 - D10"]
[Site "Kouty nad Desnou"]
[Date "2019.03.11"]
[Round "3"]
[White "Zadrapova, Amalie"]
[Black "Kubatova, Beta"]
[Result "1-0"]
[WhiteElo "1317"]
[BlackElo "1100"]
[EventDate "2019.03.09"]

1. e4  c5  2. Nf3  d6
3. d4  cxd4  4. Nxd4
Nf6  5. Nc3  Nc6
6. Be3  e6  7. f3
Be7  8. Qd2  O-O
9. O-O-O  Re8  10. g4
a6  11. h4  Ne5
12. Be2  Bd7  13. h5  h6
14. g5  hxg5  15. h6
g6  16. Bxg5  Nh7
17. Bxe7  Qxe7  18. f4
Nc6  19. f5  exf5
20. exf5  Rf8  21. Rdg1
Be8  22. Bh5  Ne5
23. Rg2  Kh8  24. Nd5
Qd8  25. fxg6  Rb8
26. gxh7  Kxh7  27. Rhg1
Bd7  28. Qf4  Be6
29. Nf6+  Kh8  30. Rg8+
Rxg8  31. Rxg8+  Qxg8
32. Nxg8  Rxg8  33. Nxe6
fxe6  34. Qf6+  Kh7
35. Qxe6  Rg1+  36. Kd2
Rg2+  37. Kc3  Rg3+
38. Kd4  Nc6+  39. Ke4
Rg1  40. Qxd6  Re1+
41. Kf5  Rf1+  42. Ke6
Re1+  43. Kd7  Ne5+
44. Kc8  Rg1  45. Qxe5
Rg8+  46. Kxb7  Rg2
47. Qf6  Rg3  48. c4
Rg8  49. c5  Rg3
50. c6  a5  51. c7
Rg8  52. c8=Q  Rxc8
53. Qg7# 1-0

[Event "MCR mladeze 2019 - D10"]
[Site "Kouty nad Desnou"]
[Date "2019.03.11"]
[Round "3"]
[White "Lackova, Ludmila"]
[Black "Buchtova, Viktorie"]
[Result "0-1"]
[WhiteElo "1100"]
[BlackElo "1233"]
[EventDate "2019.03.09"]

1. e4  e5  2. Nf3  Nc6
3. Bc4  Nf6  4. Nc3
Bb4  5. O-O  O-O
6. d3  d6  7. Bg5
Bxc3  8. bxc3  Bg4
9. Rb1  b6  10. Bd5
Qd7  11. Bxf6  gxf6
12. Qe2  Kh8  13. Qe3
Rg8  14. Kh1  Rg6
15. Nh4  Rg7  16. Qh6
Qe7  17. Bxc6  Rag8
18. h3  Be6  19. Rg1
Qd8  20. Rbe1  Qc8
21. Qxf6  Bxh3  22. Re3
Be6  23. Nf5  Bxf5
24. exf5  Qd8  25. Qxd8
Rxd8  26. Rd1  Rdg8
27. Rg3  Rxg3  28. fxg3
Rxg3  29. Kh2  Rg5
30. f6 Rf5  31. Kh3  Rxf6
32. g4  Rf2  33. Bd5
Rxc2  34. Bxf7  Rxc3
35. Rf1  Rxd3+  36. Kh4
e4  37. Rf5  Ra3
38. Rg5  h6  39. Rg8+
Kh7  40. g5  hxg5+
41. Rxg5  Ra5  42. Rg4
e3  43. Bc4 d5 44. Bd3+  Kh8
45. Kh5  Rxa2  46. Kg6
Rf2  47. Rd4  c6
48. Bc4  e2  49. Bxe2
Rxe2  50. Rf4  Rg2+
51. Kf7  Rg7+  52. Ke6
a5  53. Kd6  Rg6+
54. Ke5  b5  55. Kd4
b4  56. Kd3  b3
57. Kc3  Rg3+  58. Kb2  c5
59. Rh4+  Kg7  60. Rh5
c4  61. Rxd5  Rg2+
62. Kb1  c3  63. Rd3
Rg1+  64. Rd1  Rxd1#
0-1

[Event "MCR mladeze 2019 - D10"]
[Site "Kouty nad Desnou"]
[Date "2019.03.11"]
[Round "3"]
[White "Stavova, Lucie"]
[Black "Kodetova, Adriana"]
[Result "0-1"]
[WhiteElo "1100"]
[BlackElo "1029"]
[EventDate "2019.03.09"]

1. e4  e5  2. Nf3  Nc6
3. Nc3  Nf6  4. d4
exd4  5. Nxd4  Bb4
6. Nxc6  bxc6  7. Bd3
O-O  8. O-O  d5
9. exd5  cxd5  10. Bg5  c6
11. Re1  Be7  12. Ne2
Bg4  13. c3  Qd7
14. Qd2  Bf5  15. Nd4
Bxd3  16. Qxd3  Rfe8
17. Nf5  Ne4  18. Bxe7
Qxf5  19. Bh4  Qf4
20. Bg3  Nc5  21. Qxh7+
Kxh7  22. Bxf4  Rxe1+
23. Rxe1  Nd3  24. Re3
Nxf4  25. Rf3  Re8
26. h3  Ne2+  27. Kf1
Re7  28. b3  d4
29. c4  Nc3  30. Rd3  c5
31. a4  Rb7  32. b4
Rxb4  33. Kg1  Rxc4
34. a5  Ne2+  35. Kh2
Rc3  36. Rd1  Rb3
37. g3  c4  38. Rc1
Nxc1  39. a6  d3
40. h4  d2  41. Kh3
d1=Q  42. Kg2  Nd3
43. Kh2  Nxf2  0-1

[Event "MCR mladeze 2019 - D10"]
[Site "Kouty nad Desnou"]
[Date "2019.03.11"]
[Round "3"]
[White "Ticha, Valerie"]
[Black "Svrchokrylova, Ludmila"]
[Result "1-0"]
[WhiteElo "1036"]
[BlackElo "1098"]
[EventDate "2019.03.09"]

1. e4  e5  2. Nf3  Nc6
3. d4  exd4  4. Nxd4
Nf6  5. Nc3  d6
6. Bg5  h6  7. Bh4  g5
8. Bg3  Bg7  9. Bb5
Bd7  10. Bxc6 Bxc6  11. O-O
Bd7  12. Re1  Qe7
13. Nd5  Nxd5  14. exd5
Be5  15. Re2  Qf8
16. Bxe5  dxe5  17. Rxe5+
Kd8  18. Nc6+  Kc8
19. Nd4  g4  20. Nf5
f6  21. Ne7+  Kb8
22. Re3  Qg7  23. Qd3
h5  24. g3  h4
25. Qb3  b6  26. Qa3  hxg3
27. fxg3  Qh6  28. Re2
Bb5  29. Rg2  Qh7
30. b3  Kb7  31. c4
Bd7  32. Nc6  Bf5
33. b4  Be4  34. b5
Bxg2  35. Qa6#  1-0

[Event "MCR mladeze 2019 - D10"]
[Site "Kouty nad Desnou"]
[Date "2019.03.11"]
[Round "3"]
[White "Bazantova, Adela"]
[Black "Kubatova, Ema"]
[Result "0-1"]
[WhiteElo "1088"]
[BlackElo "1011"]
[EventDate "2019.03.09"]

1. e4  c5  2. Nf3  Nc6
3. d4  cxd4  4. Nxd4
d6  5. Nc3  Nf6
6. Be3  Bd7  7. Qd2  e6
8. f3  Be7  9. O-O-O
O-O  10. Kb1  a6
11. h4  Qc7  12. g4
h6  13. h5  Nh7
14. f4  f6  15. f5  exf5
16. gxf5  Be8  17. Rg1
Kh8  18. Qg2  Rg8
19. Bc4  Bf8  20. Bxg8
Kxg8  21. Ne6  Qe7
22. Nxf8  Qxf8  23. Qg3
Rd8  24. Bb6  Rd7
25. Rg2  Bxh5  26. Rdd2
Ng5  27. Qf4  Ne5
28. Rd5  Bf7  29. Rd4
Ngf3  30. Rd1  Nc4
31. Rh1  Kh8  32. Qxf3
Nxb6  33. Rgh2  d5
34. exd5  Bxd5  35. Nxd5
Nxd5  36. Rd1  Qf7
37. a3  Nc7  38. Rxd7
Qxd7  39. Qxb7  Qd6
40. Qb8+  Kh7  41. Rf2
g6  42. fxg6+  Kxg6
43. Rg2+  Kh5  44. Qc8
Qd1+  45. Ka2  Qd5+
46. b3  Qxg2  47. Qxc7
f5  48. Qf7+  Qg6
49. Qxg6+  Kxg6  50. c4
f4  51. Kb2  f3
52. Kc3  f2  53. b4  f1=Q
54. Kb3  Qd3+  55. Ka4
Qxc4  56. Ka5  Qb5# 0-1

[Event "MCR mladeze 2019 - D10"]
[Site "Kouty nad Desnou"]
[Date "2019.03.11"]
[Round "3"]
[White "Kubickova, Linda"]
[Black "Lackova, Lucie"]
[Result "0-1"]
[WhiteElo "1020"]
[BlackElo "1085"]
[EventDate "2019.03.09"]

1. e4  e5  2. Nf3  Nc6
3. Nc3  Nf6  4. Bb5
Bb4  5. d3  O-O
6. O-O  d6  7. Bg5  Bxc3
8. bxc3  Qe7  9. d4
Nd8  10. Bc4  Ne6
11. Bh4  Nf4 12. Qc1  Bg4
13. Nd2  c6  14. Bxf6
Qxf6  15. f3  Be6
16. g3  Ng6  17. dxe5
Nxe5  18. Qa3  d5
19. Be2  Nc4  20. Nxc4
dxc4  21. Qc5  Qxc3
22. f4  f6  23. f5
Bf7  24. g4  Qxc2
25. Bd1  Qxe4  26. Bf3
Qd3  27. Rad1  Qc3
28. Qd4  Qxd4+  29. Rxd4
Rfe8  30. Rd7  Rab8
31. Kh1  h6  32. h4
Re5  33. Kh2  Ra5
34. Rf2  c3  35. Bd1
Bxa2  36. g5  Bb1
37. Re2  fxg5  38. hxg5
hxg5  39. Kg3 Bxf5 40. Rf2  Bxd7
0-1

[Event "MCR mladeze 2019 - D10"]
[Site "Kouty nad Desnou"]
[Date "2019.03.11"]
[Round "3"]
[White "Janouskova, Eliska"]
[Black "Zilava, Lucie"]
[Result "1/2-1/2"]
[WhiteElo "1069"]
[BlackElo "1050"]
[EventDate "2019.03.09"]

1. e4  e5  2. Nf3  Nc6
3. Bc4  Nf6  4. Ng5
d5  5. exd5  Na5
6. d3  Nxc4  7. dxc4
c6  8. Nc3  Bc5 9. O-O Bg4
10. Qd3  O-O  11. d6
Bxd6  12. Re1  Bc5
13. Qg3  Qd6  14. Nge4
Qd4  15. Nxf6+  Kh8
16. Be3  Qxc4  17. Nxg4
Bxe3  18. Nxe3  Qf4
19. Qh3  Rad8  20. g3
Qf3  21. Rad1  Rde8
22. Rd3  Qf6  23. Ng4
Qf5  24. Re4  Qe6
25. Rde3  f6  26. Ne2
f5  27. Rxe5  Qd7
28. Nh6  Rd8  29. Nxf5
Qd1+  30. Kg2  Qe1
31. Qg4  g6  32. Nh6
Qd2  1/2-1/2

[Event "MCR mladeze 2019 - D12"]
[Site "Kouty nad Desnou"]
[Date "2019.03.11"]
[Round "3"]
[White "Janouskova, Adela"]
[Black "Martinkova, Magdalena"]
[Result "1/2-1/2"]
[WhiteElo "1258"]
[BlackElo "1387"]
[EventDate "2019.03.09"]

1. e4  e5  2. Nf3  Nc6
3. Nc3  Nf6  4. Bc4
Nxe4  5. O-O  Nxc3
6. dxc3  Be7  7. Qd5
O-O  8. Nxe5  Nxe5
9. Qxe5  Bf6  10. Qh5
g6  11. Qf3  c6
12. Bh6  Bg7  13. Bxg7  Kxg7
14. Rfe1  d5  15. Bd3
Be6  16. Rad1  Qg5
17. h3  Rae8  18. Qe3
Qxe3  19. Rxe3  Bd7
20. Rde1  Rxe3  21. Rxe3
Re8  22. Rxe8  Bxe8
23. Kf1  Kf6  24. Ke2
Ke5  25. Ke3  f5
26. f4+  Kd6  1/2-1/2

[Event "MCR mladeze 2019 - D12"]
[Site "Kouty nad Desnou"]
[Date "2019.03.11"]
[Round "3"]
[White "Havelkova, Beata"]
[Black "Stavova, Marketa"]
[Result "1-0"]
[WhiteElo "1359"]
[BlackElo "1178"]
[EventDate "2019.03.09"]

1. e4  e5  2. Nf3  Nc6
3. Bb5  a6  4. Ba4
Nf6  5. O-O  b5
6. Bb3  Be7  7. Re1  O-O
8. a4  Bb7  9. c3
d5  10. exd5  Nxd5
11. Nxe5  Nxe5  12. Rxe5
Bd6  13. Bxd5  Bxd5
14. Rxd5  Bxh2+  15. Kxh2
Qxd5  16. d4  Rfe8
17. Be3  Re4  18. Nd2
Qd6+  19. Kg1  Re6
20. axb5  Qd5  21. bxa6
Raxa6  22. Rxa6  Rxa6
23. Qf3  Ra1+  24. Kh2
Qxf3  25. Nxf3  Rb1
26. b4  g6  27. Kg3
f5  28. Bf4  Rb3
29. Bd2  h5  30. Kf4
Kg7  31. Ke5  Ra3
32. c4  Ra8  33. Ng5
Re8+  34. Kd5  Re2
35. Be3  Rb2  36. b5
Ra2  37. Ne6+  Kf7
38. g3  Kf6  39. Bg5+
Kf7  40. f4  Ra3
41. Bh4  Ke8  42. Nxc7+
Kf7  43. b6  Rb3
44. Nb5  g5  45. fxg5
f4  46. gxf4  Rf3
47. Ke4  Rh3  48. Nd6+
Ke7  49. b7  Kxd6
50. b8=Q+  Kd7  51. Qb7+
Kd8  52. Kd5  Ke8
53. g6  Kf8  54. Qf7#
1-0

[Event "MCR mladeze 2019 - D12"]
[Site "Kouty nad Desnou"]
[Date "2019.03.11"]
[Round "3"]
[White "Ticha, Sofie"]
[Black "Cinkova, Vicky"]
[Result "0-1"]
[WhiteElo "1307"]
[BlackElo "1124"]
[EventDate "2019.03.09"]

1. e4  d5  2. exd5  Qxd5
3. Nc3  Qa5  4. d4
Nf6  5. Nf3  Bg4
6. Bd2  c6  7. Ne4
Qc7  8. Ng3  e6
9. Bc4  Be7  10. O-O  O-O
11. h3  Bxf3  12. Qxf3
Nbd7  13. Bf4  e5
14. dxe5  Nxe5  15. Qc3
Bd6  16. Nf5  Nxc4
17. Qg3  Nh5  18. Qc3
Bxf4  19. Qxc4  Qe5
20. g4  g6  21. Ne7+
Qxe7  22. gxh5  Qh4
23. Qc3  Qxh5  24. Kh1
Rfe8  25. Rg1  Re3
26. Rg3  Bxg3  27. Qxe3
Qxh3+  28. Kg1  Bh2+
29. Kh1  Bg3+  30. Kg1
Qh2+  31. Kf1  Qh1+
32. Ke2  Qxa1  33. Qxg3
Qxb2  34. Kd2  Rd8+
35. Ke2  Qxc2+  36. Kf1
Qd3+  37. Qxd3  Rxd3
38. Ke2  Ra3  39. f3
Rxa2+  40. Kd3  Kg7
41. Kc4  Rf2  42. Kc5
Rxf3  43. Kd4  a5
44. Kc4  b5+  45. Kd4
a4  46. Ke4  Rf1
47. Ke3  a3  48. Ke2
Rh1  49. Kf2  Rh3
50. Kg2  Rd3  51. Kf2
a2  52. Ke2  Rc3
53. Kd2  a1=Q 54. Ke2 Qb2+  55.
Kd1  Rc1#  0-1

[Event "MCR mladeze 2019 - D12"]
[Site "Kouty nad Desnou"]
[Date "2019.03.11"]
[Round "3"]
[White "Spacilova, Klara"]
[Black "Dobsa, Emma"]
[Result "0-1"]
[WhiteElo "1061"]
[BlackElo "1297"]
[EventDate "2019.03.09"]

1. e4  e5  2. Nf3  Nc6
3. Nc3  Nf6  4. Bb5
Bb4  5. d3  d6
6. Bg5  Bxc3+  7. bxc3  O-O
8. h3 Qe7  9. O-O  Nd8
10. c4  Ne6  11. Bh4
Nf4  12. Bg3  N6h5
13. Nh2  Nxg3  14. fxg3
Ne6  15. c3  Qg5
16. Qe1  Nc5  17. Nf3
Qg6  18. Rd1  a6
19. Bxa6  Rxa6  20. Rd2
Ra3 21. Qc1  Ra6  22. Qe1
Bd7  23. Kh2  Rfa8
24. Rff2  Qh6  25. g4
Bxg4  26. Qh1  Bxf3
27. gxf3  Ra3  28. Qa1 Nb3 29.
Qb2  Nxd2  30. Rxd2  Qe3
31. Kg2 Qa7 32. Rc2  Rxa2  33.
Qb3  Rxc2+ 34. Qxc2  Qa2  35.
Qxa2  Rxa2+  36. Kg3  Rc2
37. d4  exd4  38. cxd4
Rxc4  39. d5  b5
40. Kf2  b4 41. Ke2 b3  42. Kd3
Rc5  43. e5  b2
44. exd6  cxd6  45. f4  b1=Q+
46. Kd4  Qb4+  47. Ke3
Rc3+  48. Kf2  Qb2+
49. Kg1 Rc1# 0-1

[Event "MCR mladeze 2019 - D12"]
[Site "Kouty nad Desnou"]
[Date "2019.03.11"]
[Round "3"]
[White "Dudkova, Josefina"]
[Black "Sehnoutkova, Laura"]
[Result "0-1"]
[WhiteElo "1393"]
[BlackElo "1071"]
[EventDate "2019.03.09"]

1. e4  c5  2. f4  g6
3. Nf3  Bg7  4. Nc3
Nc6  5. Bc4  e6
6. d3  Nge7  7. O-O  O-O
8. a3  a6  9. a4
d6  10. Bd2  Nd4
11. Nxd4  Bxd4+  12. Kh1
Nc6  13. Qf3  Bd7
14. Qg3  Bg7  15. Qf2
Nd4  16. Rac1  b5
17. axb5  axb5  18. Bb3
b4  19. Ne2  Nxb3
20. cxb3  Bxb2  21. Rc2
Bg7  22. h3  f5
23. exf5  Rxf5  24. Ng3  Rf7
25. Ne4  Bc6  26. Ng5
Re7  27. Re1  Ra1
28. Rxa1  Bxa1  29. Rc1
Bf6  30. Ne4  Bxe4
31. dxe4  Bd4  32. Qg3
Qf8  33. Rf1  Qf6
34. f5  Be5  35. Qg4
h5  36. Qf3  Rf7
37. fxg6  Qxg6  38. Qxf7+
Qxf7  39. Rxf7  Kxf7
40. Kg1  Bd4+  41. Kf1
Kf6  42. Ke2  Ke5
43. Kf3  d5  44. Bf4+
Kf6  45. exd5  exd5
46. g4  hxg4+  47. hxg4
c4  48. bxc4  dxc4
49. Bc1  b3  50. Ke2
b2  51. Bxb2  Bxb2
52. Kd2  c3+  53. Kc2
Kg5  54. Kd3  Kxg4
55. Kc2  Kf4  56. Kd3
Ke5  57. Kc2  Kd4
58. Kb1  Kd3  0-1

[Event "MCR mladeze 2019 - D12"]
[Site "Kouty nad Desnou"]
[Date "2019.03.11"]
[Round "3"]
[White "Vavrinkova, Marie"]
[Black "Veverkova, Dorota"]
[Result "0-1"]
[WhiteElo "1236"]
[BlackElo "1315"]
[EventDate "2019.03.09"]

1. d4  d5  2. c4  e6
3. cxd5  exd5  4. Nf3
Nf6  5. Bg5  Be7
6. h3  O-O  7. Nc3
Re8  8. e3  h6
9. Bh4  Ne4  10. Bxe7  Rxe7
11. Bd3  Nxc3  12. bxc3
Qd6  13. O-O  Nd7
14. Qc2  Nf6  15. Rab1
b6  16. Rfc1  c5
17. Ne5  c4  18. Be2
Ne4  19. Bf3  Bf5
20. Rb2  Bh7  21. Qa4
Ng5  22. Kh1  Nxf3
23. Nxf3  Be4  24. Ne5
Qe6  25. f3  Bf5
26. Re1  Qf6  27. Nc6
Re6  28. Nb4  Qh4
29. Rf1  Bxh3  30. Kg1
Qg5  31. Nxd5  Qxd5
32. gxh3  Qg5+  33. Kh1
Qh5  34. Qxc4  Rae8
35. e4  Qh4  36. Rh2
Rg6  37. Qa4  Ree6
38. Qc2  Rg3  39. Qf2
Rf6  40. f4  Rfg6
41. f5  Qxe4+  0-1

[Event "MCR mladeze 2019 - D12"]
[Site "Kouty nad Desnou"]
[Date "2019.03.11"]
[Round "3"]
[White "Coufalova, Laura"]
[Black "Rolinkova, Adela"]
[Result "1-0"]
[WhiteElo "1015"]
[BlackElo "1229"]
[EventDate "2019.03.09"]

1. e4  d6  2. d4  Nf6
3. Nc3  g6  4. Nf3
Bg7  5. Bg5  O-O
6. Bd3  c6  7. O-O
Bg4  8. e5  dxe5
9. dxe5  Nd5  10. Nxd5
cxd5  11. Be2  Bxf3
12. Bxf3  Bxe5  13. Re1
Nc6  14. Bxd5  Qc7
15. g3  Bxb2  16. Rb1
Bf6  17. Bh6  Rfd8
18. Qf3  Rd7  19. Rxb7
Qxb7  20. Bxc6  Qb4
21. Rf1  Bg7  22. Bxg7
Rad8  23. Bxd7  Rxd7
24. Bh6  Rd8  25. Rd1
Rc8  26. Qe3 Ra8  27. Qe5
f6  28. Qd5+  1-0

[Event "MCR mladeze 2019 - D14"]
[Site "Kouty nad Desnou"]
[Date "2019.03.11"]
[Round "3"]
[White "Stastna, Martina"]
[Black "Strnadova, Monika"]
[Result "1-0"]
[WhiteElo "1660"]
[BlackElo "1521"]
[EventDate "2019.03.09"]

1. e4  c5  2. Nf3  Nc6
3. Bb5  g6  4. Bxc6
dxc6  5. h3  Bg7
6. d3  Bd7  7. Nc3
Nf6  8. O-O  O-O
9. Be3  b6  10. Qd2
Qc8  11. Kh2  Nh5
12. Bh6  Qc7+  13. e5
Bxe5+  14. Nxe5  Qxe5+
15. f4  Qd4  16. Bxf8
Rxf8  17. Qf2  Qb4
18. Rab1  Nf6  19. Qe2
Qd4  20. Ne4  Nd5
21. Qf2  f5  22. Qxd4
cxd4  23. Ng5  Nb4
24. Rf2  h6  25. Nf3
c5  26. Re2  Nd5
27. g3  Ne3  28. c3
Nd5  29. cxd4  Bb5
30. Re5  Bxd3  31. Rd1
Be4  32. Nd2  Ne3
33. Re1  Nc2  34. Rc1
Nxd4  35. Rxe7  Rf7
36. Re8+  Rf8  37. Re7
Rf7  38. Re8+  Rf8
39. Rxf8+  Kxf8  40. Nxe4
fxe4  41. Kg2  e3
42. Rc3  e2  43. Re3
Kf7  44. Kf2  h5
45. Re4  Kf6  46. g4
h4  47. Ke1  a5
48. Kf2  a4  49. a3  Kf7
50. g5  Kg7  51. Rxd4
cxd4  52. Kxe2  Kf7
53. Kd3  Ke6  54. Kxd4
Kf5  55. Ke3  Ke6
56. Ke4  b5 57. Ke3  Kd5
58. Kd3  Ke6  59. Ke4
Ke7  60. Ke5  Kf7
61. f5  gxf5  62. Kxf5
Kg8  63. Kg6  1-0

[Event "MCR mladeze 2019 - D14"]
[Site "Kouty nad Desnou"]
[Date "2019.03.11"]
[Round "3"]
[White "Pejrimovska, Viola Ruby"]
[Black "Voriskova, Anna"]
[Result "0-1"]
[WhiteElo "1486"]
[BlackElo "1603"]
[EventDate "2019.03.09"]

1. e4  c5  2. b4  cxb4
3. a3  b3  4. cxb3
d5  5. exd5  Nf6
6. Nf3  g6  7. Bb2
Bg7  8. Bc4  O-O
9. Nc3  Nbd7  10. O-O
a6  11. a4  Nb6
12. Ba3  Re8  13. d4  Nbxd5
14. Nxd5  Nxd5  15. Re1
Bf6  16. Ne5  Be6
17. Qf3  Rb8  18. a5
Nc7  19. Rad1  Bd5
20. Qd3  Ne6  21. Qd2
Rc8  22. Bb2  Bg5
23. Qb4  Nf4  24. f3
Ne6  25. Ng4  Nf4
26. Ne3  e6  27. Nxd5
Nxd5  28. Bxd5  Qxd5
29. Re5  Be7  30. Qa4
Qd8  31. Qa1  Bf6
32. Re4  Qd5  33. Re3
Red8  34. Red3  Rc7
35. b4  Rcd7  36. Rc1
Qb5  37. Qa3  Bxd4+
38. Bxd4  Rxd4  39. Rxd4
Rxd4  40. Rb1  Qe2
41. Qc1  Rc4  42. Qb2
Rc2  43. Qxc2  Qxc2
44. Re1  Qc3  45. Rb1
e5  46. Kf2  Qc2+
0-1

[Event "MCR mladeze 2019 - D14"]
[Site "Kouty nad Desnou"]
[Date "2019.03.11"]
[Round "3"]
[White "Trasakova, Adela"]
[Black "Dudova, Pavlina"]
[Result "1/2-1/2"]
[WhiteElo "1579"]
[BlackElo "1505"]
[EventDate "2019.03.09"]

1. d4  d5  2. Bf4  Nf6
3. e3  Bf5  4. c4
e6  5. Nc3  Bb4
6. Qb3  Nc6  7. Nf3  Ne4
8. cxd5  exd5  9. Bb5
Bxc3+  10. bxc3  a6
11. Bxc6+  bxc6  12. Qa4
Bd7  13. Qa5  Ra7
14. Rb1  O-O  15. Rb2 Qc8 16.
O-O  Rb7  17. Rfb1 Rb5  18. Rxb5
cxb5  19. Bxc7 f6 20. a4  Qb7
21. axb5  Bxb5  22. Bg3
Rc8  23. Rc1  Rc4
24. Nh4 Qc8 25. h3  Nxc3  26.
Kh2  Ne4  27. Rxc4  Bxc4
28. Nf3  Nxg3  29. fxg3
Qe8  30. Nd2  Bb5
31. Qc3  Qc6  32. Qxc6
Bxc6  33. Nb3  Kf7
34. g4  Ke7  35. Kg3
Kd6  36. Kf4  Be8
37. g3  Kc6  38. e4 dxe4
39. Kxe4  Bg6+  40. Ke3
Bc2  41. Nc5  a5
42. Kd2  Bb1  43. Kc3
Ba2  44. Nd3  Bd5
45. Nf4  Bf7  46. Nd3
Kd5  47. Nc5  Kc6
48. Nd3  Kb5  49. Ne1
a4  50. Nc2  Bb3
51. Na3+  Kc6  52. Kd3
Kd5  53. Nb1  Bc4+
54. Ke3  Bb3  55. Kd3
Bc4+  1/2-1/2

[Event "MCR mladeze 2019 - D14"]
[Site "Kouty nad Desnou"]
[Date "2019.03.11"]
[Round "3"]
[White "Vankova, Marie"]
[Black "Fizerova, Lucie"]
[Result "1-0"]
[WhiteElo "1341"]
[BlackElo "1537"]
[EventDate "2019.03.09"]

1. e4  c5  2. Nf3  d6
3. d4  cxd4  4. Nxd4
Nf6  5. Nc3  Nc6
6. Bg5  Bd7  7. Qd2
Rc8  8. O-O-O  Nxd4
9. Qxd4  Qa5  10. f4
Qc5  11. Qxc5  Rxc5
12. h3  h6  13. Bh4
g5  14. Bf2  Rc7
15. fxg5  hxg5  16. Bxa7
Bg7  17. Bd3  O-O
18. Be3  b5  19. Bxg5
b4  20. Nd5  Nxd5
21. exd5  Ra8  22. Kb1
Rca7  23. Bc4  Ba4
24. h4  Rc8  25. Bd3
Bd7  26. h5  Rca8
27. Bc4  Bf5  28. Bb3
Kh7  29. Rdf1  e6
30. dxe6  fxe6  31. Rf4
d5  32. Rxb4  Rc8
33. Rbh4  Rac7  34. Rc1
d4  35. g4  Be4
36. Bxe6  Rf8  37. Rh2  d3
38. Bb3  Rfc8  39. cxd3
Bxd3+  40. Bc2  Rxc2
41. Rhxc2  Rc4  42. Bd2
Be5  43. g5  Bd4
44. Bc3  Bxc3  45. bxc3
Rxc3  46. Kb2  1-0

[Event "MCR mladeze 2019 - D14"]
[Site "Kouty nad Desnou"]
[Date "2019.03.11"]
[Round "3"]
[White "Markova, Karolina"]
[Black "Lhotska, Anna"]
[Result "0-1"]
[WhiteElo "1474"]
[BlackElo "1845"]
[EventDate "2019.03.09"]

1. c4  c5  2. g3  Nc6
3. Bg2  g6  4. Nc3
Bg7  5. e3  e5
6. Nge2  Nge7  7. O-O  d6
8. b3  O-O  9. Bb2
Bg4  10. a3  Qd7
11. Rc1  Rad8  12. e4
Bh3  13. Nd5  Bxg2
14. Kxg2  f5  15. d3
Rf7  16. f4  Rdf8
17. Qd2  Nd8  18. Rf2
Ne6  19. Rcf1  Nc6
20. b4  b6  21. b5
Ne7  22. a4  Nxd5
23. exd5  Nd4  24. Bxd4
cxd4  25. Nc1  a6
26. Re2  a5  27. Nb3
Re7  28. Qd1  Rfe8
29. Rfe1  Qd8  30. Nd2
Bh6  31. Nf3  exf4
32. Nxd4  Re3  33. gxf4
Bxf4  34. Rxe3  Rxe3
35. Ne6  Qh4  36. Nxf4
Qxe1  37. Qxe1  Rxe1
38. Ne6  Kf7  39. Kf2
Ra1 0-1

[Event "MCR mladeze 2019 - D14"]
[Site "Kouty nad Desnou"]
[Date "2019.03.11"]
[Round "3"]
[White "Nespora, Tatana"]
[Black "Habinova, Alice"]
[Result "1/2-1/2"]
[WhiteElo "1319"]
[BlackElo "1409"]
[EventDate "2019.03.09"]

1. e4  e5  2. Nf3  Nc6
3. Nc3  Nf6  4. d4
Bb4  5. Bg5  exd4
6. Nxd4  O-O  7. Qd3
Re8  8. O-O-O  Bxc3
9. Qxc3  Nxe4  10. Bxd8
Nxc3  11. bxc3  Rxd8
12. Nb5  d6  13. Nxc7
Rb8  14. Nb5  d5
15. Bd3  a6  16. Nd4
Ne5  17. Be2  Ng4
18. Rdf1  Bd7  19. h3
Ne5  20. Rd1  Rbc8
21. Rhe1  Re8  22. Nf3
Nxf3  23. Bxf3  Rxe1
24. Rxe1  Be6  25. Re5
Rxc3  26. Bg4  Rc6
27. f4  g6  28. Bf3
Rc5  29. g4  b6
30. Kb2  Kf8  31. Re3  Rc4
32. Rd3  Rxf4  33. Bxd5
Bxd5  34. Rxd5  Ke7
35. Rd3  Re4  36. Rc3
Rb4+  37. Ka3  Rb5
38. Rc7+  Ke6  39. Rc6+
Kd7  40. Rf6  Ke7
41. Rc6  a5  42. Rc7+
Ke6  43. Rc6+  Kd7
44. Rf6  Ke7  45. Rc6
Rb4  46. c3  Rb5
47. Ka4  Rb2  48. Ka3
Kd7  49. Rf6  Ke7
50. Rxf7+  Kxf7  51. Kxb2
Kf6  52. Kb3  Ke6
53. Kc4  Kd6  54. Kb5
Kc7  55. a4  h6
1/2-1/2